<?xml version="1.0" encoding="UTF-8"?>
<marc:record xmlns:marc="http://www.loc.gov/MARC21/slim">
   <marc:leader>00000nam a2200000 a 4500</marc:leader>
   <marc:datafield ind1="1" ind2=" " tag="100">
      <marc:subfield code="a">Freund, Peter</marc:subfield>
      <marc:subfield code="4">aut</marc:subfield>
      <marc:subfield code="e">Verfasser/-in</marc:subfield>
   </marc:datafield>
   <marc:datafield ind1="0" ind2="0" tag="245">
      <marc:subfield code="a">Laura und das Geheimnis von Aventerra</marc:subfield>
   </marc:datafield>
   <marc:datafield ind1="0" ind2="0" tag="245">
      <marc:subfield code="b">Roman</marc:subfield>
   </marc:datafield>
   <marc:datafield ind1="0" ind2="0" tag="245">
      <marc:subfield code="c">Peter Freund</marc:subfield>
   </marc:datafield>
   <marc:datafield ind1=" " ind2="1" tag="264">
      <marc:subfield code="a">Bergisch Gladbach</marc:subfield>
      <marc:subfield code="b">Ehrenwirth</marc:subfield>
      <marc:subfield code="c">2002</marc:subfield>
   </marc:datafield>
   <marc:datafield ind1=" " ind2=" " tag="250">
      <marc:subfield code="a">1. Aufl.</marc:subfield>
   </marc:datafield>
   <marc:datafield ind1="1" ind2=" " tag="520">
      <marc:subfield code="a">Bd. 1: Laura Leander ist ein normales Mädchen mit einer Menge Sorgen: Ihr Vater ist seit einem Jahr spurlos verschwunden. Ihre Stiefmutter nörgelt häufig, und ihr neunmalkluger Bruder Lukas weiß "natürlich" immer alles besser. Aber an ihrem 13. Geburtstag kommt es noch schlimmer. Zu ihrer großen Verwunderung erfährt Laura, dass sie dazu bestimmt ist, eine nahezu unmögliche Aufgabe zu erfüllen: Sie soll eine entscheidende Rolle im Kampf gegen das Böse spielen und Elysion, den Hüter des Lichts, vor dem sicheren Tod bewahren. Nur wenn ihr das gelingt, kann sie verhindern, dass der Schwarze Fürst Borboron auf dem Planeten Aventerra die Macht an sich reißt und der Menschenstern untergeht im Ewigen Nichts... (Forts.: "Laura und das Siegel der Sieben Monde")&lt;br/&gt;&lt;br/&gt;&lt;br/&gt;</marc:subfield>
   </marc:datafield>
   <marc:datafield ind1=" " ind2=" " tag="020">
      <marc:subfield code="a">9783431035131</marc:subfield>
      <marc:subfield code="9">9783431035131</marc:subfield>
   </marc:datafield>
   <marc:datafield ind1=" " ind2=" " tag="041">
      <marc:subfield code="a">ger</marc:subfield>
   </marc:datafield>
   <marc:datafield ind1=" " ind2=" " tag="300">
      <marc:subfield code="b">Ill.</marc:subfield>
   </marc:datafield>
   <marc:datafield ind1="1" ind2=" " tag="521">
      <marc:subfield code="a">0</marc:subfield>
   </marc:datafield>
   <marc:datafield ind1=" " ind2=" " tag="300">
      <marc:subfield code="a">511 S.</marc:subfield>
   </marc:datafield>
</marc:record>
